MARC

LEADER 00000nam0a2200000 4500
001 363338
005 20231102011559.0
035 |a (RuTPU)RU\TPU\retro\20685 
090 |a 363338 
100 |a 20210927d1980 km y0rusy50 ca 
101 0 |a rus 
102 |a MD 
105 |a a z 001zy 
200 1 |a Расчеты параметров электрических машин  |f Академия наук Молдавской ССР ; отв. ред. Г. В. Чалый 
210 |a Кишинев  |c Штиинца  |d 1980 
215 |a 72 с.  |c ил. 
320 |a Библиогр. в конце ст. 
606 1 |a Электрические машины  |x Расчет  |2 stltpush  |3 (RuTPU)RU\TPU\subj\27133  |9 50931 
610 1 |a параметры 
610 1 |a электрические двигатели 
610 1 |a математическое обеспечение 
610 1 |a программное обеспечение 
610 1 |a статоры 
610 1 |a асинхронные двигатели 
610 1 |a роторы 
610 1 |a стержни 
610 1 |a защитные гильзы 
675 |a 621.313.001.24  |v 4 
702 1 |a Чалый  |b Г. В.  |4 340 
712 0 2 |a Академия наук Молдавской ССР  |c (Кишинев)  |c (1961-1991)  |2 stltpush  |3 (RuTPU)RU\TPU\col\85  |9 23178 
801 1 |a RU  |b 63413507  |c 20210927 
942 |c BK